000 00608nam a2200253Ia 4500
005 20260121153739.0
008 008 260114s9999 xx 000 0 eng d
020 _a9780203953037
037 _aEBOOK
040 _aCRL
040 _beng
040 _cCRL
041 _2eng
041 _aeng
084 _qCRL
100 _aAllan Langdale; Hugo Münsterberg
_9998610
245 0 _aHugo Munsterberg on Film
260 _bTaylor and Francis
260 _c2002
856 _uhttp://www.taylorfrancis.com/books/9780203953037
942 _cEBOOK
999 _c1565430
_d1565430